00585nam a2200145 a 450000500170000000800410001710000250005824500910008326000360017430000210021050000980023165000240032970000380035370000480039120140310182406.0030220s19uu xx 00 eng d aBlock, Cathy Collins aScholastic reading skills kit (boxd) /cDr. Cathy Collins Block, Dr. John N. Mangieri. aNew York :bScholastic,cc2002. aPrimary, Box A-D aIncludes answer key cards, teacher's resource book, reading skills cards, and strategy cards. aReading skills kit. a(see KITS for check out purposes) aNational Reading /Language Arts Consultants